Analýza uplatnenia majetkových daní vo vybranom regióne, resp. obci diplomová práca

Salvato in:
Dettagli Bibliografici
Autore principale: Krupová Róbová, Alžbeta
Ente Autore: Fakulta podnikového manažmentu EU. Katedra podnikových financií
Altri autori: Vavrová, Katarína, 1960-
Natura: Libro
Lingua:slovacco
Pubblicazione: Bratislava 2017
Tags: Aggiungi Tag
Nessun Tag, puoi essere il primo ad aggiungerne!!

MARC

LEADER 00000nbm a2200000 4500
001 0232280
005 20171018102307.9
041 0 |a slo 
044 |a SK 
245 1 0 |a Analýza uplatnenia majetkových daní vo vybranom regióne, resp. obci  |b diplomová práca  |c Alžbeta Krupová Róbová ; školiteľ: Katarína Vavrová 
264 1 |a Bratislava  |c 2017 
300 |a 74 s. 
100 1 |a Krupová Róbová, Alžbeta 
700 1 |a Vavrová, Katarína, 1960- 
710 2 |a Fakulta podnikového manažmentu EU. Katedra podnikových financií